Harry Potter: le Sortilège de Chatouillis - Statistiques

Statistiques générales
  • Ce quiz a été pris 33 fois
  • Le résultat moyen est 4 sur 6
Statistiques - réponses
Information Réponses % Correct
Première apparition Harry Potter et la Chambre des Secrets
89%
Effet Chatouille et affaiblit la personne visée
85%
Formule Rictusempra
74%
Personne l'ayant subit Drago Malefoy
67%
Type de sort Enchantement
59%
Dernière apparition Harry Potter et la Chambre des Secrets
52%
Aucun quiz correspondant
Distribution des résultats
% des personnes avec chaque résultat
Percentile par nombre de réponses
Votre historique - résultats
Vous n’avez pas pris ce quiz